000 00883nam a2200253 a 4500
001 BRCA_529
005 20190320203041.0
008 931215s1992 enka---###---#001-0#eng-#
020 _a1850432317
040 _aDLC
_cDLC
041 _aeng
_hfre
050 4 _aNA7515.R8
_b.M53 1992
100 1 _aMichel, Prince of Greece
_d1939-
_91826
245 1 0 _aImperial palaces of Russia
_cPrince Michael of Greece ; photographs by Francesco Venturi ; translated from the French by Catherine O´Keeffe.
260 _aLondres
_bTauris Parke Books
_c1992
300 _a215 p.
_bil. (a color)
_c32 cm.
500 _aIncluye índice alfabético
650 1 4 _aPalacios
_zRusia
_91827
650 1 4 _aAntigüedades
_zRusia
_91828
651 4 _aSan Petersburgo (Rusia)
_xConstrucción de estructuras
_91829
700 1 _aVenturi, Francesco
_91282
700 1 _aO´Keeffe, Catherine
_91830
942 _2lcc
_cB
999 _c461
_d461